000 00471nam a2200205Ia 4500
001 110976
003 YMCAF
005 20230512162433.0
008 100717s2002 ||||||||||||||||| ||und|d
024 _a110976
035 _aWB1963
040 _aYMCAF
_beng
_cIN-KoLT
041 _aeng
082 _a621.384
_bNOE
100 _aNoel, Thomas
245 0 _aWireless mobile phone access to internet
260 _bHermes Penton
_c2002
300 _a247
942 _2ddc
_cBK
999 _c12064
_d12064